Statistics for Least Populous Capitals A-Z

Click here to take the quiz!

General Stats

  • This quiz has been taken 29 times
  • The average score is 15 of 24

Answer Stats

PopulationCapitalCountry% Correct
1,504,991QQuitoEcuador
96%
907,802UUlaanbaatarMongolia
96%
1,014,825IIslamabadPakistan
91%
804,200ZZagrebCroatia
87%
4,492FFunafutiTuvalu
78%
826VVatican CityVatican City
78%
59,288HHoniaraSolomon Islands
74%
215,100WWellingtonNew Zealand
74%
1,100YYarenNauru
74%
14,847RRoseauDominica
70%
20,000CCastriesSaint Lucia
65%
22,884AAndorra-la-VellaAndorra
61%
13,043BBasseterreSaint Kitts and Nevis
61%
40,020KKingstownSaint Vincent and the Grenadines
57%
25,400MMajuroMarshall Islands
52%
645,701OOsloNorway
52%
271NNgerulmudPalau
48%
9,900PPalikirF.S Micronesia
48%
4,493SSan MarinoSan Marino
48%
59,069DDiliEast Timor
43%
372,410JJubaSouth Sudan
43%
41,944GGitegaBurundi
39%
101,259TThimphuBhutan
22%
280,140LLjubljanaSlovenia
13%

Score Distribution

Percentile by Number Answered

Percent of People with Each Score

Your Score History

You have not taken this quiz